What are the seven wonders of the world / (Record no. 15763)
[ view plain ]
| 000 -LEADER | |
|---|---|
| fixed length control field | 00651nam a2200193 a 4500 |
| 001 - CONTROL NUMBER | |
| control field | ASIN1840040068 |
| 005 - DATE AND TIME OF LATEST TRANSACTION | |
| control field | 20170105102925.0 |
| 008 - FIXED-LENGTH DATA ELEMENTS--GENERAL INFORMATION | |
| fixed length control field | 131211s2001 xxu eng d |
| 020 ## - INTERNATIONAL STANDARD BOOK NUMBER | |
| International Standard Book Number | 1840040068 (hardcover) |
| 020 ## - INTERNATIONAL STANDARD BOOK NUMBER | |
| International Standard Book Number | 9781840040067 (hardcover) |
| 040 ## - CATALOGING SOURCE | |
| Original cataloging agency | 0 |
| Description conventions | PIN 1999 |
| 082 ## - DEWEY DECIMAL CLASSIFICATION NUMBER | |
| Classification number | 909 |
| 100 1# - MAIN ENTRY--PERSONAL NAME | |
| Personal name | PINKOWISH;..., PETER D'EPIRO; MARY DESMOND. |
| 245 10 - TITLE STATEMENT | |
| Title | What are the seven wonders of the world / |
| Statement of responsibility, etc. | PETER D'EPIRO; MARY DESMOND PINKOWISH;... |
| 260 ## - PUBLICATION, DISTRIBUTION, ETC. | |
| Place of publication, distribution, etc. | [S.l.] : |
| Name of publisher, distributor, etc. | METRO, |
| Date of publication, distribution, etc. | 2001. |
| 300 ## - PHYSICAL DESCRIPTION | |
| Extent | 1 v. (unpaged) ; |
| Dimensions | 22 cm. |
| 856 40 - ELECTRONIC LOCATION AND ACCESS | |
| Materials specified | Amazon.com |
| Uniform Resource Identifier | <a href="http://www.amazon.com/exec/obidos/ASIN/1840040068/chopaconline-20">http://www.amazon.com/exec/obidos/ASIN/1840040068/chopaconline-20</a> |
| 942 ## - ADDED ENTRY ELEMENTS (KOHA) | |
| Source of classification or shelving scheme | |
| Koha item type | Book |
| Withdrawn status | Lost status | Damaged status | Not for loan | Collection code | Permanent Location | Current Location | Shelving location | Date acquired | Total Checkouts | Full call number | Barcode | Date last seen | Price effective from | Koha item type |
|---|---|---|---|---|---|---|---|---|---|---|---|---|---|---|
| Centre for International Peace & Stability (CIPS) | Centre for International Peace & Stability (CIPS) | General Stacks | 10/02/2013 | 909 PIN 1999 | CIPS0002222 | 12/11/2013 | 12/11/2013 | Book |
